00510nam a2200193Ia 450000500170000000800410001702000280005804000190008604100120010508200160011710000190013324500590015226000250021130000090023665000210024565100210026670000190028785000100030620230314135307.0140110s9999 xx 000 0 und d a9789381703120cRs.60.00 aLoreto College aEnglish a491.44bDUT aDutta, Kalyani aPrabadmalacKalyani Dutta and translated by Tarun Pyne aKolkatabThimac1999 a88p. aBengali language aBengali proverbs aPyne,Tarun,tr. aLCLIB